Statistics for My Strange Addiction Billie Eilish

Click here to take the quiz!

General Stats

  • This quiz has been taken 89 times
  • The average score is 169 of 228

Answer Stats

Answer % Correct
a
100%
you
97%
you
97%
you
97%
you
97%
you
97%
you
97%
you
97%
you
97%
you
97%
you
97%
you
97%
you
97%
you
97%
you
97%
my
95%
my
95%
my
95%
i
95%
i
95%
i
95%
my
95%
my
95%
i
95%
i
95%
my
95%
my
95%
my
95%
my
95%
my
95%
my
95%
i
95%
my
95%
my
95%
i
95%
my
95%
my
95%
my
95%
my
95%
my
95%
my
95%
my
95%
my
95%
dont
91%
dont
91%
add
91%
dont
91%
dont
91%
add
91%
dont
91%
know
89%
addiction
89%
strange
89%
strange
89%
addiction
89%
strange
89%
strange
89%
addiction
89%
know
89%
the
89%
strange
89%
addiction
89%
strange
89%
the
89%
addiction
89%
ask
89%
strange
89%
addiction
89%
addiction
89%
the
89%
wanna
89%
know
89%
when
89%
addiction
89%
wanna
89%
strange
89%
strange
89%
the
89%
questions
88%
are
88%
are
88%
are
88%
are
88%
are
88%
are
88%
are
88%
are
88%
are
88%
to
86%
to
86%
to
86%
to
86%
bad
84%
your
84%
im
84%
bad
84%
your
84%
bad
84%
bad
84%
is
84%
your
84%
im
84%
is
84%
im
84%
im
84%
friction
83%
news
83%
lesson
83%
on
83%
just
83%
some
83%
on
83%
friction
83%
some
83%
just
83%
news
83%
lose
81%
be
81%
be
81%
gonna
81%
lose
81%
gonna
81%
one
80%
tel
80%
us
80%
us
80%
cant
80%
an
80%
one
80%
cant
80%
explain
80%
cant
80%
cant
80%
explain
80%
cant
80%
explain
80%
of
78%
of
78%
fuse
78%
fuse
78%
powder
78%
powder
78%
and
77%
and
77%
and
77%
and
77%
youre
73%
doctors
73%
talking
73%
doctors
73%
doctors
73%
learned
73%
want
70%
ago
70%
what
70%
want
70%
take
70%
long
70%
pain
69%
pain
69%
way
69%
pain
69%
it
67%
symptoms
67%
symptoms
67%
it
67%
it
67%
symptoms
67%
it
67%
it
67%
but
66%
like
66%
like
66%
but
66%
like
66%
but
66%
like
66%
but
66%
break
64%
break
64%
me
63%
oxford
59%
should
58%
ya
58%
cause
56%
lips
56%
self
55%
medicate
55%
have
53%
taken
53%
please
53%
burns
53%
not
52%
coma
50%
skin
50%
ever
48%
fever
47%
deadly
47%
kinda
45%
put
45%
hurts
45%
how
45%
hide
45%
gin
44%
ignite
44%
might
44%
belladona
44%
reliever
42%
fire
30%
bite
27%
myself
25%
tell
25%
tell
25%
set
25%
kiss
20%
crass
17%
lasts
17%
glass
17%
asking
16%
nothing
16%
wired
16%
motto
13%
about
13%
only
11%
only
11%
only
11%
could
9%
addiciton
0%

Score Distribution

Percentile by Number Answered

Percent of People with Each Score

Your Score History

You have not taken this quiz